| 000 | 00719nam a2200241 u 4500 | ||
|---|---|---|---|
| 005 | 20240228064026.0 | ||
| 008 | 110922s2005 r 000 0 eng d | ||
| 020 | _a8434864312 | ||
| 035 | _aUPN01000181874 | ||
| 049 | _aI | ||
| 050 | 4 |
_aBL783 _bM3.3 2005 |
|
| 100 | 1 |
_aMcCaughrean, Geraldine, _d1951- _929647 |
|
| 245 | 1 | 0 |
_aDédalo e Ícaro ; El rey Midas / _cGeraldine McCaughrean ; il. Tony Roos, tr. Paz Barroso. |
| 250 | _a4a ed. | ||
| 260 |
_aMadrid : _bSM, _c2005. |
||
| 300 |
_a48 p. : _bil. |
||
| 440 | 0 | _aMitos | |
| 534 |
_pTítulo original: _tDedalus and Icarus |
||
| 650 | 4 |
_aMitología griega _99574 |
|
| 650 | 4 |
_aLibros y lectura para niños _92290 |
|
| 740 | 2 | _aEl rey Midas | |
| 905 | _aInfantil | ||
| 999 |
_c153977 _d153977 |
||